Gaming Quiz

Random Gaming or Card Games Quiz

Bluffing Cards Quiz Stats

Quiz Updated Jun 15, 2016

Challenge
Share
Tweet
Score 0/10 Timer 03:00
19 Plays Today
% Correct
6 of Hearts
83.5%
4 of Clubs
79.5%
9 of Clubs
79.4%
Queen of Spades
77.2%
King of Spades
75.8%
10 of Diamonds
69.3%
2 of Spades
32.7%
Jack of Diamonds
32.6%
9 of Spades
32.2%
4 of Hearts
31.5%

You're not logged in!

Compare scores with friends on all Sporcle quizzes.
Sign Up with Email
OR
Log In

You Might Also Like...

Show Comments

Extras

Top Quizzes Today


Score Distribution

Your Account Isn't Verified!

In order to create a playlist on Sporcle, you need to verify the email address you used during registration. Go to your Sporcle Settings to finish the process.